00744nam a2200205 a 450000100100000000500170001000800410002702000150006804000250008310000270010824501050013526000320024030000210027250000490029353400460034270000190038804900090040795201050041699900170052100003427220200930073619.0110929s2003 es 000 0 spa d a8474322456 aDO-SdBNPbspacBNPHU1 aAdams, James L.95969910aGuía y juegos para superar bloqueos mentales /cJames L. Adams ;traducción Claudia Rosa Ferrari. aBarcelona :bGedisa,c2003. a200 p. ;c21 cm. aLa biblioteca posee la tercera reimpresión aTít. original:kConceptual blockbusting1 aFerrari959700 aBNPD 001050718MOaGRbGRcCTd2011-09-29iLF1l0o p34272-10r2020-06-25w2020-06-25y1ZNo se presta c33763d33763